000
00264nam a2200133Ia 4500
100
_a
REA
942
_c
BK
245
_a
Problem solvers Mechanics
260
_b
REA
_c
2007
082
_a
620.1
_b
REA
300
_a
1077
546
_a
ENGLISH
_c
Info.Tech
999
_c
24879
_d
24879